000 00834nam a2200229 a 4500
005 20200104041610.0
008 140128b2006 ck ||||| |||| 00| 0 spa d
040 _cCO-BoIH
041 _aspa
044 _ack
090 _aIAVH
_b00886
100 _aSuárez J., Martha Cecilia
_95530
245 _aEvaluación agroecológica rápida Cuenca del río Otún Risaralda CEAN
260 _aBogotá
_bInstituto Alexandr von Humboldt
_c2006
300 _a43 p.
520 _aRecoge los resultados más importantes de la Evaluación Agroecológica Rápida y de las potencialidades de desarrollo de Planes de Conversión agroecológica en la Cuenca del río Otún
650 _aEvaluación
_930248
650 _aAgroecología
_9230
662 _aColombia
_ccuenca río Otún
_bRisaralda
942 _cINFORME
_2z
_02
945 _d2008-09-11
999 _c6576
_d6576